000 00319nam a22001337a 4500
008 181009b xxu||||| |||| 00| 0 eng d
020 _a9780300066258
041 _aeng
080 _a321
100 _a19
101 _aSHP
245 _aThe Politics of Faith & the Politics of Scepticism
_cFuller, T
942 _2udc
_cBK
999 _c49145
_d49145